Name the AFL player - Statistics

General Stats
  • This quiz has been taken 4,132 times
  • The average score is 22 of 36
Answer Stats
Picture Answer % Correct
Patrick Cripps
95%
Brodie Grundy
91%
Nat Fyfe
90%
Dayne Zorko
87%
Patrick Dangerfield
87%
Gary Ablett Jr
86%
Mitch Robinson
81%
Adam Treloar
76%
Ollie Wines
76%
Christian Petracca
74%
Michael Walters
74%
Dyson Heppell
73%
Lance Franklin
73%
Dylan Shiel
71%
Matt Crouch
64%
Charlie Dixon
62%
Luke Parker
59%
Dion Prestia
58%
David Swallow
57%
Lachie Whitfield
56%
Marcus Bontempelli
56%
Toby Nankervis
56%
Andrew Gaff
55%
Ben Cunnington
55%
Sam Jacobs
54%
Alex Sexton
51%
Jack Steele
50%
Ben McEvoy
47%
Matthew Kreuzer
45%
Liam Shiels
44%
Jake Melksham
43%
Jackson Macrae
41%
Nic Naitanui
26%
Luke Dunstan
18%
(Our lord and saviour) Harry Perryman
18%
Shaun Atley
12%
No matching quizzes found
Score Distribution
Percent of People with Each Score
Percentile by Number Answered
Your Score History
You have not taken this quiz